Statistics for Countries Bordering more Countries than their Neighbours

Click here to take the quiz!

General Stats

  • This quiz has been taken 113 times
  • The average score is 5 of 7

Answers on the Map

Answers color-coded by a green-red scale on the quiz's map according to % correct below.
 

Answer Stats

COUNTRY% Correct
Democratic Republic of the Congo
94%
France
88%
Saudi Arabia
79%
Serbia
69%
Sudan
61%
Turkey
61%
Guatemala
45%

Score Distribution

Percentile by Number Answered

Percent of People with Each Score

Your Score History

You have not taken this quiz